000 00869nam a22002657a 4500
003 OSt
005 20260422122543.0
008 260422b |||||||| |||| 00| 0 eng d
020 _a9783031933929
040 _ckul
082 _a572.65
_bBLA.E
084 _2Colon Classification
100 _aBlachier, Francois
_913601
245 _aEvolutionary journey of amino acids: from the origin of life to human metabolism. /
_cFrancois Blachier
260 _aSwitzerland :
_bSpringer ,
_c2025 .
300 _axix, 241 p.
_bill ;
440 _aFascinating Life Sciences.
_913602
504 _aIncludes bibliographical references and index. (p.241)
650 _a Amino acids.
_913603
650 _aEvolution (Biology).
_91172
650 _aMolecular evolution.
_913604
650 _aProteins - Evolution.
_913605
650 _aBiochemistry.
_913606
942 _2ddc
_cBK
999 _c758878
_d758878